000 00616nam a22001817a 4500
003 AUA.1
005 20251118151016.0
008 250711b |||||||| |||| 00| 0 eng d
040 _cJTL
100 _aNjoye, Leonard Tumbu
245 _aReclaiming inactive church members through sabbath school action units at Busawe in Mara region, Tanzania /
_cLeonard Tumbu Njoye.
260 _cc2025.
300 _axii, 123 leaves :
_bIllustrations :
_c30cm.
650 _aChurch attendance
650 _aSabbath schools
651 _aMara Region, Tanzania
_zBusawe
942 _2aua
_cPROJECT
_hMA PTh
_i.N56 2025
999 _c25204
_d25204